|
|
|
|
| LEADER |
00855nam a22002292aa4500 |
| 001 |
001446413 |
| 003 |
CZ BrMZK |
| 005 |
20150105084557.0 |
| 007 |
ta |
| 008 |
150105m19581959pl a er|||||||||||pol d |
| 040 |
|
|
|a BOA001
|b cze
|
| 100 |
1 |
|
|a Tuwim, Julian,
|d 1894-1953
|7 jn19990008658
|4 aut
|
| 245 |
1 |
0 |
|a Cicer cum caule czyli groch z kapusta :
|b panopticum i archiwum kultury /
|c Julian Tuwim ; rysunki Romualda Nowickiego
|
| 250 |
|
|
|a Wyd. 1.
|
| 260 |
|
|
|a Warszawa :
|b Czytelnik,
|c 1958-1959
|
| 300 |
|
|
|a 2 sv. :
|b il.
|
| 505 |
0 |
|
|a 1. 1958. 318 s. -- 2. 1959. 280 s.
|
| 910 |
|
|
|a BOA001
|b 2-0398.393
|s 1-2
|
| 990 |
|
|
|a BK
|
| 991 |
|
|
|b 201412
|
| 996 |
7 |
|
|b 2619131500
|c 2-0398.393
|d 2.
|v 2
|l MZK
|r Sklad / do 24 hodin
|n 0
|w 001480999
|u 000020
|a 1
|e BOA001
|j MZK50
|s A
|
| 996 |
7 |
|
|b 2619131501
|c 2-0398.393
|d 1.
|v 1
|l MZK
|r Sklad / do 24 hodin
|n 0
|w 001480999
|u 000010
|a 1
|e BOA001
|j MZK50
|s A
|